Statystyki dla Top 20 państw z najwyższymi ludźmi

Kliknij tutaj aby rozwiązać quiz!

Ogólne statystyki

  • Ten quiz został rozwiązany 13 000 razy
  • Średni wynik to 13 z 20

Statystyki odpowiedzi

MężczyźniKobietyPaństwo% Poprawnych
179.7 (5′11)165.9 (5′5)Niemcy
88%
179.6 (5′11)165.7 (5′5)Szwecja
81%
179.5 (5′11)165.6 (5′5)Norwegia
80%
182.5 (6′0)168.7 (5′6)Holandia
77%
179.7 (5′11)165.9 (5′5)Finlandia
76%
181.7 (6′0)165.5 (5′5)Belgia
70%
181.4 (5′11)167.2 (5′6)Dania
70%
179.7 (5′11)166.6 (5′6)Litwa
63%
181.7 (6′0)169.8 (5′7)Łotwa
62%
179.0 (5′10)166.3 (5′6)Ukraina
62%
181.4 (5′11)168.5 (5′6)Czechy
61%
181.6 (5′11)168.7 (5′6)Estonia
61%
180.6 (5′11)167.5 (5′6)Słowacja
59%
180.1 (5′11)165.9 (5′5)Islandia
58%
178.9 (5′10)166.3 (5′6)Białoruś
53%
179.8 (5′11)166.1 (5′5)Słowenia
53%
179.9 (5′11)165.6 (5′5)Chorwacja
52%
180.9 (5′11)167.7 (5′6)Serbia
52%
179.2 (5′11)165.9 (5′5)Australia
49%
180.5 (5′11)165.8 (5′5)Bośnia i Hercegowina
44%

Rozkład punktacji

Percentyl według liczby udzielonych odpowiedzi

Procent ludzi z każdym wynikiem

Twoja historia wyników

Nie rozwiązałeś tego quizu